| 000 | 01033nam a22003015 4500 | ||
|---|---|---|---|
| 001 | 123837 | ||
| 003 | ES-MaBCM | ||
| 005 | 20241016143855.0 | ||
| 008 | 060221s2005 mex spa d | ||
| 020 | _a970-32-2500-4 | ||
| 021 | _axx | ||
| 035 | _a(OCoLC)651382171 | ||
| 040 | _cES-MaBCM | ||
| 080 | _a342.24 | ||
| 080 | _a323.17 | ||
| 245 | 0 | 0 |
_aFederalismo y regionalismo _cDiego Valadés, José María Serna de La Garza, coordinadores |
| 250 | _a1ª ed | ||
| 260 |
_aMéxico : _bUniversidad Nacional Autónoma de México, _bTribunal Superior de Justicia del Estado de Puebla _c2005 _bTribunal Superior de Justicia del Estado de Puebla, |
||
| 300 |
_a757 p. _c22 cm |
||
| 440 | 0 |
_aInstituto de Investigaciones Jurídicas. Doctrina jurídica _9109011 _v229 |
|
| 650 | 2 | 7 |
_aFederalismo _958694 |
| 650 | 2 | 7 |
_aRegionalismo _960053 |
| 700 | 1 |
_aValadés, Diego _947405 |
|
| 700 | 1 |
_aSerna de la Garza, José María _969466 |
|
| 710 | 2 |
_aUniversidad Nacional Autónoma de México _953104 |
|
| 942 | _cBK | ||
| 973 | _w22 | ||
| 999 |
_c123837 _d123837 |
||